Vista normal Vista MARC

Entrada Topical Term

Número de registros utilizados en: 2

001 - CONTROL NUMBER

  • control field: 10206

003 - CONTROL NUMBER IDENTIFIER

  • control field: OSt

005 - DATE AND TIME OF LATEST TRANSACTION

  • control field: 20200911162153.0

008 - FIXED-LENGTH DATA ELEMENTS

  • fixed length control field: 200911|| aca||aabn | a|a d

040 ## - CATALOGING SOURCE

  • Original cataloging agency: OSt
  • Transcribing agency: OSt

150 ## - HEADING--TOPICAL TERM

  • Topical term or geographic name entry element: Impresionismo (Arte)

670 ## - SOURCE DATA FOUND

  • Source citation: Work cat.: (OSt)3412: Olivar, Marcial, autor 10205, Los impresionistas / , ©1972